| 000 | 00648nam a22001933a 4500 | ||
|---|---|---|---|
| 005 | 20210223124317.0 | ||
| 008 | 010802s1997 mx fr 000 0 spa d | ||
| 020 | _a9701800842 | ||
| 035 | _aUPN01000110485 | ||
| 049 | _aCG | ||
| 050 | 4 |
_aLB2844.53 M6 _bS2.5 |
|
| 100 | 1 |
_aSandoval Flores, Etelvina _929949 |
|
| 245 | 1 | 4 |
_aLos maestros y su sindicato : _brelaciones y procesos cotidianos / _cEtelvina Sandoval Flores. |
| 260 |
_aMéxico : _bIPN, Centro de Investigación y de Estudios Avanzados, _c1997. |
||
| 300 | _a172 p. | ||
| 440 | 0 |
_aTesis DIE ; _v3 |
|
| 610 | 2 | 4 | _aSINDICATO NACIONAL DE TRABAJADORES DE LA EDUCACION (MEXICO) |
| 905 | _aLibro | ||
| 999 |
_c84394 _d84394 |
||